Statistiken für Deutsches Logo-Quiz #1

Klicken Sie hier um das Quiz zu spielen!

Allgemein

  • Dieses Quiz wurde 1.489 mal gespielt
    (1.244 seit der letzten Aktualisierung)
  • Das Durchschnittsergebnis liegt bei 14 aus 20

Antwortstatistiken

Antwort% Korrekt
Adidas
99%
Aldi Süd
98%
Audi
98%
Edeka
98%
Deutsche Telekom
97%
Saturn
96%
DHL
93%
Lufthansa
92%
ProSieben
91%
Tui
90%
ING DiBa
75%
E.ON
65%
Deutsche Bank
55%
Commerzbank
53%
Würth
46%
Bosch
37%
Evonik
32%
Thyssenkrupp
22%
RWE
21%
BASF
9%

Verteilung der Resultate

Perzentil nach korrekt beantworteten Fragen

Anzahl Personen mit jedem Resultat

Ihre Resultats-Entwicklung

Sie haben dieses Quiz seit der letzten Aktualisierung nicht gespielt